| 000 | 00610cam a22002055i 4500 | ||
|---|---|---|---|
| 999 |
_c7472 _d7472 |
||
| 005 | 20200309132012.0 | ||
| 008 | 150224s2015 ctu 000 0 eng | ||
| 010 | _a 2015934481 | ||
| 020 | _a9781940291604 (softcover : alk. paper) | ||
| 040 |
_aDLC _beng _erda _cDLC |
||
| 042 | _apcc | ||
| 082 |
_a720.922 _bDAY |
||
| 100 | 1 | _aDay, Joe. | |
| 245 | 1 | 0 |
_aCultural cues / _cJoe Day, Adib Cure and Carie Penabad, Tom Wiscombe. |
| 263 | _a1503 | ||
| 300 | _apages cm | ||
| 906 |
_a0 _bibc _corignew _d2 _eepcn _f20 _gy-gencatlg |
||
| 942 | _2ddc | ||